|
|
|
|
| LEADER |
00993nam a2200253 a 4500 |
| 001 |
00025187 |
| 008 |
120604s2010 enka 000 1 eng d |
| 020 |
|
|
|a 9780194247092
|
| 020 |
|
|
|a 9780194246736
|
| 040 |
|
|
|a BD-DhAAL
|c BD-DhAAL
|
| 082 |
0 |
0 |
|a 428.6
|2 22
|
| 100 |
1 |
|
|a Hardy-Gould, Janet.
|
| 245 |
1 |
4 |
|a Sinbad /
|c Janet Hardy-Gould; Illustrated by Maya Gavin
|
| 260 |
|
|
|a Oxford ;
|a New York :
|b Oxford University Press,
|c 2010.
|
| 300 |
|
|
|a 51 p. :
|b ill.(chiefly col.);
|c 21 cm.
|
| 490 |
1 |
|
|a Dominoes
|
| 500 |
|
|
|a Series editor:Bill Bowler and Sue Parminter
|
| 541 |
1 |
|
|e 00025187
|
| 650 |
|
0 |
|a Readers (Adult)
|
| 650 |
|
0 |
|a Reading comprehension
|x Problems, exercises, etc.
|
| 700 |
1 |
|
|a Gavin,Maya.
|
| 852 |
1 |
|
|a Ayesha Abed Library
|j General shelf
|
| 999 |
|
|
|c 12345
|d 12345
|
| 952 |
|
|
|0 0
|1 0
|2 ddc
|4 0
|6 428_600000000000000_HAR
|7 0
|9 20399
|a BRACUL
|b BRACUL
|d 2012-06-04
|e Paragon
|g 130.00
|l 9
|m 18
|o 428.6 HAR
|p 3010025187
|r 2026-01-13
|s 2025-12-29
|t 1
|w 2012-06-04
|y BK
|x Transferred from BIL to BRACUL on 06/06/22
|